<?xml version="1.0" encoding="UTF-8"?>
<collection xmlns="http://www.loc.gov/MARC21/slim">
 <record>
  <leader>01713nam a2200229Ia 4500</leader>
  <controlfield tag="001">TDMU_35867</controlfield>
  <controlfield tag="008">210410s9999    xx            000 0 und d</controlfield>
  <datafield tag="082" ind1=" " ind2=" ">
   <subfield code="a">363.7</subfield>
  </datafield>
  <datafield tag="090" ind1=" " ind2=" ">
   <subfield code="b">M113</subfield>
  </datafield>
  <datafield tag="100" ind1=" " ind2=" ">
   <subfield code="a">Mặc, Bảo Phi Bảo</subfield>
  </datafield>
  <datafield tag="245" ind1=" " ind2="0">
   <subfield code="a">Trọn đời bên nhau</subfield>
  </datafield>
  <datafield tag="245" ind1=" " ind2="0">
   <subfield code="b">Tiểu thuyết</subfield>
  </datafield>
  <datafield tag="245" ind1=" " ind2="0">
   <subfield code="c">Mặc Bảo Phi Bảo; Phạm Ngọc Lan (dịch)</subfield>
  </datafield>
  <datafield tag="260" ind1=" " ind2=" ">
   <subfield code="a">H.</subfield>
  </datafield>
  <datafield tag="260" ind1=" " ind2=" ">
   <subfield code="b">Văn học; Công ty Văn hoá Đinh Tị</subfield>
  </datafield>
  <datafield tag="260" ind1=" " ind2=" ">
   <subfield code="c">2018</subfield>
  </datafield>
  <datafield tag="300" ind1=" " ind2=" ">
   <subfield code="a">557tr.</subfield>
  </datafield>
  <datafield tag="520" ind1=" " ind2=" ">
   <subfield code="a">Tên sách tiếng Trung: è‡³æ­¤ç»ˆå¹´; Cô là một cô gái giấu trong trong lòng mình nhiều bí mật. Cô không nói với ai về gia cảnh của bản thân mình. Bố mẹ ly hôn, một người bố mê mẩm với cổ phiếu luôn ngập trong nợ nần và một người bà đã già yếu luôn cần cô chăm sóc. Cô đã cố gắng kiên cường, tự gánh vác tất cả qua bốn năm đại học cho đến khi anh xuất hiện. Anh cứ thản nhiên mà xâm nhập vào cuộc sống của cô và đỡ lấy trách nhiệm đè nặng trên vai cô bao lâu nay. Để rồi, không biết từ thưở nào, cô đã yêu người đàn ông dịu dàng có đôi mắt sâu hun hút ấy.</subfield>
  </datafield>
  <datafield tag="650" ind1=" " ind2=" ">
   <subfield code="a">Văn học hiện đại</subfield>
   <subfield code="v">Tiểu thuyết</subfield>
   <subfield code="z">Trung Quốc; Văn học Trung Quốc</subfield>
   <subfield code="z">Tiểu thuyết</subfield>
  </datafield>
  <datafield tag="700" ind1=" " ind2=" ">
   <subfield code="a">Phạm, Ngọc Lan</subfield>
  </datafield>
  <datafield tag="856" ind1=" " ind2=" ">
   <subfield code="u">http://lrc.tdmu.edu.vn/opac/search/detail.asp?aID=2&amp;ID=35867</subfield>
  </datafield>
  <datafield tag="980" ind1=" " ind2=" ">
   <subfield code="a">Trung tâm Học liệu Trường Đại học Thủ Dầu Một</subfield>
  </datafield>
 </record>
</collection>
